=LDR 00000nam 2200000 4500 =001 INLIS000000000029256 =005 20130612131514 =008 ***********************************ind** =035 ##$$0010-061300000029256 =041 ##$$a ind =082 ##$$a 616.804 75 =090 ##$$a 616.804 75, SID s =100 ##$$a Sidharta, Priguna =245 ##$$a Sakit Neuromuskuloskeletal dalam praktek umum, Priguna Sidharta =260 ##$$a 1984 $b Jakarta =300 ##$$a xii, 357 hlm., ilus., 23 cm =650 ##$$a Penyakit Tulang =850 ##$$a NBPNMAT